| 000 | 00425nam a2200145Ia 4500 | ||
|---|---|---|---|
| 003 | GCL | ||
| 008 | 140319s9999 xx 000 0 eng d | ||
| 040 |
_aGCL / _cGCL |
||
| 082 | 0 | 4 |
_a778.936 _bM P |
| 100 | 1 | _aMILNER, CYRIL DOUGLAS | |
| 245 | 1 | 0 |
_aTHE PHOTO GUIDE TO MOUNTAINS: FOR THE BACKPACKER AND CLIMBER / _cMILNER, CYRIL DOUGLAS |
| 260 |
_a[S.N] : _bFOCAL PRESS |
||
| 650 | 0 | 4 | _aPHOTOGRAPHY OF MOUNTAINS |
| 942 |
_2ddc _cBK |
||
| 999 |
_c17268 _d17268 |
||